Estadísticas para Nombra una Capital Mundial A-Z

Haz click aquí para tomar la prueba!

Estadísticas generales

  • Esta prueba ha sido tomada 678 veces
  • La puntuación promedio es 17 de 25

Estadísticas de respuestas

Letra Capital % Correcto
BBerlin | Buenos Aires | Bruselas | +23
99%
MMadrid | Moscú | Mónaco | +15
96%
LLondres | Lisboa | Lima | +10
94%
PParis | Pekin | Praga | +13
93%
AAtenas | Amsterdam | Andorra la Veija | +12
92%
CCiudad del Vaticano | Ciudad de México |
Caracas | +8
90%
SSofia | Santiago | Sucre | +14
88%
RRoma | Reikiavik | Riga | +3
84%
TTokio | Tirana | Tallin | +9
82%
WWashington DC | Wellington | Windhoek
80%
OOslo | Ottawa
80%
DDublin | Damasco | Daca | +5
78%
KKiev | Kingston | Kingstown | +7
74%
VViena | Varsovia | Vaduz | +3
70%
HHelsinki | Hanói | Harare | Honiara
67%
EEstocolmo | El Cairo | Ereván
66%
NNueva Delhi | Nicosia | Nairobi | +8
65%
QQuito
60%
YYakarta | Yibuti | Yaundé | +4
59%
UUlán Bator | Uagadugú
43%
ZZagreb
42%
JJerusalén | Jartum
39%
IIslamabad
36%
GGeorgetown | Gaborone | Gitega
34%
FFreetown | Funafuti
29%

Distribución de puntuación

Porcentaje por número respondido

Porcentaje de gente con cada puntuación

Historial de tus puntuaciones

No has tomado esta prueba